A Voyage to the South Sea : (Record no. 244666)
[ view plain ]
| 000 -LEADER | |
|---|---|
| fixed length control field | 01162cam a22002653a 4500 |
| 001 - CONTROL NUMBER | |
| control field | 15411 |
| 003 - CONTROL NUMBER IDENTIFIER | |
| control field | PGUSA |
| 005 - DATE AND TIME OF LATEST TRANSACTION | |
| control field | 20140828083329.0 |
| 008 - FIXED-LENGTH DATA ELEMENTS--GENERAL INFORMATION | |
| fixed length control field | 050319s2005||||xxu|||||s|||||000 | eng d |
| 040 ## - CATALOGING SOURCE | |
| Original cataloging agency | PGUSA |
| Language of cataloging | eng |
| 042 ## - AUTHENTICATION CODE | |
| Authentication code | dc |
| 050 #4 - LIBRARY OF CONGRESS CALL NUMBER | |
| Classification number | DU |
| 100 1# - MAIN ENTRY--PERSONAL NAME | |
| Personal name | Bligh, William, |
| Dates associated with a name | 1754-1817 |
| 245 12 - TITLE STATEMENT | |
| Title | A Voyage to the South Sea : |
| Remainder of title | Undertaken by command of His Majesty for the purpose of conveying the bread-fruit tree to the West Indies in His Majesty's ship the Bounty commanded by Lieutenant William Bligh; including an account of the mutiny on board the said ship and the subsequent voyage of part of the crew in the ship's boat from Tofoa, one of the Friendly Islands, to Timor, a Dutch settlement in the East Indies |
| Medium | [electronic resource] / |
| Statement of responsibility, etc | William Bligh |
| 260 ## - PUBLICATION, DISTRIBUTION, ETC. (IMPRINT) | |
| Name of publisher, distributor, etc | Project Gutenberg, |
| Date of publication, distribution, etc | 2005 |
| 506 ## - RESTRICTIONS ON ACCESS NOTE | |
| Terms governing access | Public domain in the USA. |
| 516 ## - TYPE OF COMPUTER FILE OR DATA NOTE | |
| Type of computer file or data note | Electronic text |
| 653 ## - INDEX TERM--UNCONTROLLED | |
| Uncontrolled term | Oceania -- Description and travel -- Early works to 1800 |
| 653 ## - INDEX TERM--UNCONTROLLED | |
| Uncontrolled term | Voyages and travels |
| 653 ## - INDEX TERM--UNCONTROLLED | |
| Uncontrolled term | Bounty Mutiny, 1789 |
| 653 ## - INDEX TERM--UNCONTROLLED | |
| Uncontrolled term | Bounty (Ship) |
| 830 #0 - SERIES ADDED ENTRY--UNIFORM TITLE | |
| Uniform title | Project Gutenberg |
| Volume number/sequential designation | 15411 |
| 856 40 - ELECTRONIC LOCATION AND ACCESS | |
| Uniform Resource Identifier | <a href="http://www.gutenberg.org/ebooks/15411">http://www.gutenberg.org/ebooks/15411</a> |
| 942 ## - ADDED ENTRY ELEMENTS (KOHA) | |
| Koha item type | eBooks |
| Withdrawn status | Lost status | Damaged status | Home library | Current library | Date acquired | Total Checkouts | Date last seen | Price effective from | Koha item type |
|---|---|---|---|---|---|---|---|---|---|
| Project Gutenberg | Project Gutenberg | 08/28/2014 | 08/28/2014 | 08/28/2014 | eBooks |